Rhymes With Chick - Statistics

General Stats
  • This quiz has been taken 524 times
  • The average score is 17 of 20
Answer Stats
Hint Answer % Correct
L Lick
98%
Q Quick
98%
H Hick
97%
K Kick
97%
P Pick
97%
S Sick
97%
W Wick
97%
T Tick
96%
C Click
95%
F Flick
94%
I Ick
93%
S Slick
93%
S Stick
93%
B Brick
92%
C Crick
88%
T Thick
77%
S Snick
66%
K Knick
53%
C Clique
47%
S Schtick
14%
No matching quizzes found
Score Distribution
Percent of People with Each Score
Percentile by Number Answered
Your Score History
You have not taken this quiz